000 00568nam a2200217Ia 4500
003 OSt
005 20220928135044.0
006 a|||||r|||| 00| 0
007 ta
008 220927b |||||||| |||| 00| 0 eng d
024 _a579
037 _cTextual
040 _aSDCL
_cSDCL
_beng
041 _2eng
_aeng
082 _aX.2'N9, N4
100 _aSingh Ghanshyam N Ed.
_9489283
245 0 _aStructural changes in India
_b Some dimensions
260 _c1994
942 _hX.2'N9, N4
_cTEXL
_2CC
999 _c804546
_d804546